Géographie de l'Europe par lettre - U - Statistiques

Statistiques générales
  • Ce quiz a été pris 226 fois
  • Le résultat moyen est 7 sur 20
Statistiques - réponses
Indice Réponse % Correct
Grand pays d'Europe de l'est, en guerre avec la Russie Ukraine
100%
Roi mythologique d'Ithaque, il parcouru 10 ans la Méditerranée en bateau Ulysse
78%
Quatrième ville la plus peuplée des Pays-Bas Utrecht
73%
Nom du drapeau britannique Union Jack
68%
Plage du débarquement {Utah} Beach
62%
Ville allemande, la flèche de son église principale est la plus haute au monde Ulm
49%
Ancien pays communiste de l'est, centré sur la Russie URSS
43%
Province historique d'Irlande septentrionale Ulster
41%
Ville italienne, capitale du Frioul Udine
34%
Canton de l'est de la Suisse Uri
34%
Ville suédoise, son université est la plus vieille de Scandinavie Uppsala
24%
Ville en latin Urbs
18%
Ville basque située entre Hendaye et Saint-Jean de Luz Urrugne
15%
Musée d'art de Colmar Musée {Unterlinden}
6%
Palais italien de la Renaissance Palais ducal d'{Urbino}
6%
Parti d'extrême droite suisse, le plus important du pays UDC
5%
Plus grande ville du nord de la Suède Umeå
4%
Ville tchèque située près de la frontière allemande Ústí nad Labem
4%
Île de la Baltique partagée entre l'Allemagne et la Pologne Usedom
3%
Fleuve du nord de la Suède Umeälven
1%
Aucun quiz correspondant
Distribution des résultats
% des personnes avec chaque résultat
Percentile par nombre de réponses
Votre historique - résultats
Vous n’avez pas pris ce quiz